|
|
|
|
| LEADER |
00854cam a2200229 7i4500 |
| 001 |
0000066268 |
| 005 |
20220214090000.0 |
| 020 |
|
|
|a 9780198844686 (electronic book)
|
| 090 |
0 |
0 |
|a QC174.12
|b .B43 2019
|
| 100 |
1 |
|
|a Barrett, Jeffrey Alan
|
| 245 |
1 |
4 |
|a The conceptual foundations of quantum mechanics
|c Jeffrey A. Barrett.
|
| 264 |
|
|
|a New York, NY:
|b Oxford University Press,
|c 2019.
|
| 300 |
|
|
|a 1 online resource (xv, 251 pages):
|b text file, PDF.
|
| 336 |
|
|
|a text
|2 rdacontent
|
| 337 |
|
|
|a computer
|2 rdamedia
|
| 338 |
|
|
|a online resource
|2 rdacarrier
|
| 650 |
|
0 |
|a Quantum theory
|
| 655 |
|
0 |
|a Electronic books
|
| 856 |
4 |
2 |
|u http://library.unisel.edu.my/web/guest/mylibrary
|
| 997 |
|
|
|a Engineering & Life Sciences, Faculty
|b Engineering, Department
|
| 998 |
|
|
|a Mechanical Engineering, Degree
|
| 999 |
|
|
|a EBO0010943
|b EBOOK
|c EBOOK
|e Electronic resources
|